Catàleg dels manuscrits musicals de la col·lecció Pedrell / per Higini Anglès
Descripción Física:
138 p. : il. ; 27 cm
MARC
| LEADER | 00000nam a2200000Ia 4500 | ||
|---|---|---|---|
| 001 | 11836 | ||
| 008 | 160829s1920 xx 000 0 cat d | ||
| 080 | |a B-1-83 | ||
| 100 | |a Anglès, Higini, |d 1888-1969 |9 26341 | ||
| 245 | |a Catàleg dels manuscrits musicals de la col·lecció Pedrell / per Higini Anglès | ||
| 260 | |a Barcelona : |b Institut d' Estudis Catalans, |c 1920 | ||
| 300 | |a 138 p. : |b il. ; |c 27 cm | ||
| 490 | |a Publicacions del Departament de Música de la Biblioteca de Catalunya ; 2 | ||
| 590 | |a Amb exemples musicals. | ||
| 590 | |a Índexs | ||
| 650 | |a Biblioteca de Catalunya. Col·lecció Pedrell |x Catàlegs |9 23668 | ||
| 650 | |a Música |x Bibliografia |x Catàlegs |9 33969 | ||
| 650 | |a Música |x Manuscrits |9 23670 | ||
| 710 | 2 | |a Institut d'Estudis Catalans |9 52284 | |
| 901 | |a Arxiu | ||
| 942 | |n 1 | ||
| 952 | |0 0 |1 0 |4 0 |6 B183 |7 1 |9 42803 |a Arxiu |b Arxiu |d 2016-12-01 |l 0 |o B-1-83 |p 11836 |r 2016-12-01 00:00:00 |w 2016-12-01 |y ARXIU | ||
| 999 | |c 45309 |d 45309 | ||